000 00476cam a2200169ua 4500
041 _amal
_h
082 _a200
_bCEN/TA
100 _aNarayanan Nambidirippad, Cennas Manakkal .
245 _aTantra samuccaya /
_cNarayanan Nambudirippad.
_hTextual Documents
260 _aTrivandrum :
_bGovernment Press ,
_c1945.
300 _a308 ; .
440 0 _aMalayalam Series,
_vNo.68
_x;
490 0 _aMalayalam Series,
_vNo.68
_x;
504 _a
942 _cBK
999 _c236
_d236